2. konferencia s medzinárodnou účasťou MVS 2006

Bibliographic Details
Main Author: Modrák, Vladimír (Author)
Format: Article
Language:Slovak
English
ISSN:1335-7972
Subjects:

MARC

LEADER 00000nab a2200000 a 4500
001 vtls008982303
003 SK-MaSNL
005 20260304135002.0
008 250505c2007 xo |||||||||||000 b|slo
015 |a SNBRB2007/04  |2 snkbucl 
035 |a (sysno)vtls008982303 
035 |a urn:nbn:sk:snk-ab732p 
035 |a (uuid)0278ec43-791b-4fc1-8352-02f07817e190 
035 |a (urnnbn)urn:nbn:sk:snk:ar-a06r7t 
038 |a SNKBUCL 
040 |a SNKBUCL  |b slo  |c SNKBUCL  |e AACR2 
041 0 |a slo  |a eng 
044 |a xo  |c SK 
080 |a 658.5:061.3  |2 1997 
100 1 |a Modrák, Vladimír  |4 aut  |9 8036 
245 1 0 |a 2. konferencia s medzinárodnou účasťou MVS 2006  |c Vladimír Modrák 
246 3 1 |a 2nd conference with international participation MMS 2006 
546 |a Súbežný názov a text v angl. 
611 2 7 |a Manažment výrobných systémov  |n (2. :  |d 2006 :  |c Prešov, Slovensko)  |2 snkbucl  |9 119258 
650 0 7 |a výrobné systémy  |2 snkbucl  |9 29111 
650 0 7 |a manažment výroby  |2 snkbucl  |9 933 
651 7 |a Prešov (Slovensko)  |2 snkbucl  |9 17347 
773 0 |t Výrobné inžinierstvo = Manufacturing engineering  |g Roč. VI, č. 1 (2007), s. 77-78  |x 1335-7972 
850 |a Slovenská národná knižnica 
852 |a Slovenská národná knižnica 
954 |a odborná, vedecká literatúra pôvodná (slovenská)  |2 lita 
958 |a article27 
958 |a SK 
958 |a OND 
958 |a EUIPO 
999 |c 2908968  |d 2910898